[Event "S Wales Late Summer Open"]
[Site "?"]
[Date "2022.09.03"]
[Round "3.5"]
[White "Garcia, Jason"]
[Black "Robinson, David"]
[Result "1-0"]
[WhiteElo "1996"]
[BlackElo "1839"]
[Annotator "kemen"]
[PlyCount "83"]
[EventDate "2022.??.??"]
[SourceVersionDate "2022.09.07"]

{[%evp 0,18,35,19,19,-10,30,31,12,10,10,4,20,-6,22,12,16,11,11,15,31]} 1. Nf3
d5 2. g3 c6 3. Bg2 Nf6 4. O-O Bf5 5. d3 e6 6. Nbd2 Be7 7. Qe1 O-O (7... h6 {
main}) 8. e4 Bg6 (8... dxe4 9. dxe4 Bg6 {main}) 9. Ne5 Na6 $146 (9... Nbd7 {
4-1-1}) (9... Bh5 $11 {Cloud Engines, 2 Wh wins,1 draw}) 10. a3 Qc7 11. f4 (11.
Nxg6 hxg6 12. e5 Nd7 13. f4 $18 {KomodoDragon3}) 11... dxe4 12. dxe4 Rad8 13.
g4 Bd6 (13... h6) 14. Ndc4 Nd7 $2 15. Nxd6 Qxd6 16. Nxd7 Qxd7 17. f5 $18 exf5
18. exf5 Qd4+ 19. Qe3 (19. Qf2) 19... Qxg4 20. fxg6 fxg6 21. Rxf8+ Rxf8 22. Bd2
Nc7 23. Re1 Qd7 24. Bb4 Re8 25. Qxa7 (25. Bh3) 25... Rxe1+ 26. Bxe1 Ne6 27. Qe3
(27. Bh3) 27... Nd4 28. Bf2 (28. Qd3) 28... Nf5 29. Qd3 Qe7 30. Qc4+ Kh8 31. b4
Qd7 32. Qd3 Qe8 33. c4 h6 34. b5 cxb5 35. cxb5 Qc8 36. a4 Qc1+ 37. Qf1 Qa3 38.
Bxb7 Qxa4 39. b6 Nd6 40. Bg2 Qb4 41. Qc1 Nc4 42. b7 1-0

[Event "S Wales Late Summer Open"]
[Site "?"]
[Date "2022.09.03"]
[Round "3.6"]
[White "Hatchett, Paul"]
[Black "Parri, Deio"]
[Result "1-0"]
[WhiteElo "1978"]
[BlackElo "1609"]
[Annotator "kemen"]
[PlyCount "45"]
[EventDate "2022.??.??"]
[SourceVersionDate "2022.09.07"]

{[%evp 0,14,35,29,19,16,18,-7,40,7,34,8,49,-11,-10,-16,-21]} 1. d4 d5 2. Nc3
Nf6 3. Bg5 e6 4. e3 (4. e4) (4. Nf3) 4... Be7 5. Bd3 Nbd7 6. f4 (6. Nf3) 6...
c5 7. Nf3 O-O (7... c4 {4 Wh wins, 1 draw}) 8. O-O cxd4 (8... b6 {1-2-1}) 9.
exd4 h6 (9... Ng4 10. Bxe7 Qxe7 11. Qd2 a6 12. a3 f5 13. Rae1 Ngf6 14. Ne5 {
McRorie-Findlay, London Geza op, Canada 1993,1/2-1/2}) 10. Bxf6 (10. Bh4 $16 {
KomodoDragon3}) 10... Nxf6 11. Kh1 b6 12. Ne5 Bb7 {the B is not doing much here
} 13. Qf3 Nd7 14. Ne2 Qc7 15. Qh3 (15. Ng3 Nf6 16. Nh5 $18 {KomodoDragon3})
15... Nf6 16. Rae1 (16. g4 $18 {KomodoDragon3}) 16... a6 17. Ng3 $18 Bd6 18. f5
(18. Nh5) 18... exf5 19. Nxf5 Bxe5 20. Rxe5 Rae8 21. Nxh6+ gxh6 22. Rxf6 (22.
Qg3+ Kh8 23. Rxf6 {mate in 6-KomodoDragon3}) 22... Rxe5 23. Qg3+ {wins Q} 1-0

[Event "S Wales Late Summer Open"]
[Site "?"]
[Date "2022.09.03"]
[Round "3.7"]
[White "May, Adam J"]
[Black "Szakmany, Bence"]
[Result "1-0"]
[WhiteElo "1941"]
[BlackElo "1375"]
[Annotator "kemen"]
[PlyCount "93"]
[EventDate "2022.??.??"]
[SourceVersionDate "2022.09.07"]

{[%evp 0,15,30,29,24,27,29,-2,25,25,21,18,25,9,37,10,51,51]} 1. d4 Nf6 2. Nf3
d5 3. g3 g6 4. Bg2 Bg7 5. O-O O-O 6. c4 e6 (6... c6 {main}) 7. b3 (7. Nc3 {main
}) 7... dxc4 (7... b6) (7... c6) (7... Nbd7) 8. bxc4 {3 Wh wins, 1 draw} c5 9.
Bb2 {1.5-0.5} (9. e3 {1.5-0.5}) 9... Qb6 10. Qc2 (10. Ba3 $16) 10... Ng4 (10...
Nc6 $15) 11. Nbd2 cxd4 12. Rab1 Nc6 13. Ba3 Qd8 14. Bxf8 Qxf8 15. c5 $18 e5 16.
Ne4 Nf6 17. Nd6 h6 18. Nxc8 Qxc8 19. Nd2 (19. Nxe5 Nxe5 20. Bxb7 Qe8 21. c6 $18
{KomodoDragon3}) 19... Qc7 20. Nc4 Bf8 21. Nd2 (21. Nd6 $18 {KomodoDragon3})
21... Rc8 22. Rfc1 Na5 23. Bh3 (23. Qa4 $18 {KomodoDragon3}) 23... Rd8 24. Nb3
Nc6 25. Bg2 Nd5 (25... e4 26. Bxe4 Nb4 27. Qd2 Nxa2 28. Qxa2 Nxe4 29. Qxa7 Qc6
$11 {KomodoDragon3}) 26. Bxd5 Rxd5 27. Qc4 Qd8 (27... Qd7 $14) 28. Qb5 Qc8 29.
Nd2 b6 30. Ne4 $18 Kg7 31. Qc4 Rxc5 32. Nxc5 Bxc5 33. Qd5 Qe6 (33... Qe8 34.
Rxc5 bxc5 35. Qxc5 $18 {KomodoDragon3}) 34. Qxe6 fxe6 35. Rxc5 (35. Rb5) 35...
bxc5 36. Rb7+ Kf6 37. Rc7 Nb4 38. a3 d3 39. exd3 Nxd3 40. Rxa7 e4 41. a4 Nb2
42. a5 c4 43. Rc7 Ke5 44. a6 Na4 45. Rxc4 Nb6 46. Rb4 Na8 47. Rb8 1-0

[Event "S Wales Late Summer Open"]
[Site "?"]
[Date "2022.09.03"]
[Round "3.8"]
[White "Bullen, Alex"]
[Black "Fowler, Hugo"]
[Result "1/2-1/2"]
[WhiteElo "2115"]
[BlackElo "1904"]
[Annotator "kemen"]
[PlyCount "56"]
[EventDate "2022.??.??"]
[SourceVersionDate "2022.09.07"]

{[%evp 0,11,27,27,24,24,26,26,34,8,14,1,19,19]} 1. d4 d5 2. Bf4 Nf6 3. e3 c5 4.
dxc5 (4. c3) (4. Nf3) (4. Nc3 {main lines}) 4... Nc6 5. Bb5 Bd7 (5... e6) (5...
Qa5+ {main lines}) 6. Bxc6 (6. Nc3 {3-4-4}) (6. c3 {3-2-1}) 6... Bxc6 7. b4 (7.
Nf3 Qa5+ 8. Nbd2 Qxc5 9. O-O e6 10. Ne5 Be7 11. a4 O-O $15 {Duquesnoy-Sakaev,
FRA ch tm Top16, 2006,0-1}) 7... a5 (7... b6 8. cxb6 (8. a4 bxc5 9. b5 $11 {
KomodoDragon3}) 8... Qxb6 9. Qd4 Qxd4 10. exd4 e6 11. c3 a5 12. bxa5 Rxa5 13.
Nf3 Bb5 14. Nbd2 Nh5 15. Be3 Bd6 16. Nb3 (16. c4 $11) 16... Ra8 17. Kd2 $11 {
Brockman-Harris, Queenstown op 2009,0-1}) 8. c3 d4 (8... b6 $15 {KomodoDragon3}
) 9. Nf3 dxc3 (9... dxe3 10. Qxd8+ Rxd8 11. Bxe3 Nd5 $15 {KomodoDragon3}) 10.
Qxd8+ Kxd8 11. b5 Bxf3 (11... c2 12. Na3 Bxf3 13. gxf3 e6 14. Nxc2 Bxc5 $15 {
KomodoDragon3}) 12. gxf3 Nd5 (12... c2 13. Nd2 Nd7 14. Nc4 f6 15. Rc1 e5 16.
Bg3 Rc8 17. Nxa5 Bxc5 18. Nxb7+ Ke7 19. Rxc2 Bb6 20. Rc6 (20. Rxc8 Rxc8 21. O-O
Rb8 $19) 20... Rxc6 21. bxc6 Rc8 22. O-O Rxc6 23. Rd1 Bc7 $11 {KomodoDRagon3})
13. Ke2 (13. Be5 c2 14. Nc3 Nxc3 15. Bxc3 e6 16. Rc1 Bxc5 17. Rxc2 $14 {
KomodoDragon3}) 13... Nxf4+ 14. exf4 e6 15. Nxc3 (15. Rd1+ Kc7 16. Nxc3 Bxc5
17. Na4 b6 $11 (17... Bd6 18. Rac1+ $18 {KomodoDragon3})) 15... Bxc5 $17 16.
Na4 Rc8 17. Rac1 Bd6 18. Nb6 Rxc1 19. Rxc1 Ke7 (19... Bc7 20. Rd1+ Ke8 21. Nc4
Ke7 22. a4 Ra8 23. b6 Bxf4 24. Rd4 Bxh2 25. Rh4 Bd6 26. Rxh7 $11 {KomodoDragon3
}) 20. Nc8+ Kd7 21. Nxd6 (21. Nb6+ $11) 21... Kxd6 $11 22. b6 Rd8 23. Ke3 f6
24. Rc4 Ke7 25. Rc7+ Rd7 26. Rc8 Rd6 27. Rc7+ Rd7 28. Rc8 Rd6 {(draw?)} 1/2-1/2

[Event "S Wales Late Summer Open"]
[Site "?"]
[Date "2022.09.03"]
[Round "3.9"]
[White "Chong, Kimberly"]
[Black "Pleasants, Allan J"]
[Result "1/2-1/2"]
[WhiteElo "1717"]
[BlackElo "2005"]
[Annotator "kemen"]
[PlyCount "44"]
[EventDate "2022.??.??"]
[SourceVersionDate "2022.09.07"]

{[%evp 0,12,24,43,97,71,105,91,86,71,78,33,37,13,15]} 1. e4 d6 2. d4 g6 3. Nf3
Bg7 4. Bf4 (4. Nc3 {main}) 4... Nf6 5. Bd3 Nc6 6. c3 O-O 7. d5 (7. O-O {
33 games}) 7... Nb8 {Stockfish14 % KomodoDragon3} (7... e5 {Stockfish10} 8. Bg5
Ne7 9. h3 {0-4}) 8. Qd2 e6 (8... Na6 $15 {KomodoDragon3}) 9. c4 (9. dxe6 Bxe6
10. Nd4 Bd7 11. O-O Re8 12. Re1 d5 $11 {KomodoDragon3}) 9... exd5 10. cxd5 Bg4
(10... Nxe4 {Deep Fritz13} 11. Bxe4 Re8 12. Nc3 Bf5 13. O-O $11) (10... c6 11.
Nc3 cxd5 12. exd5 Re8+ 13. Be2 Nbd7 14. O-O (14. Bxd6 Nb6 15. Be5 Nbxd5 16. Rd1
Bg4 17. Nxd5 Qxd5 18. Qxd5 Nxd5 19. Rxd5 Bxf3 20. Bxf3 Rxe5+ 21. Rxe5 Bxe5 $11)
14... Nc5 $11 {KomodoDragon3}) 11. Nc3 Nbd7 12. Ng1 (12. Nd4 Ne5 13. h3 Bd7 14.
O-O $16 {KomodoDragon3}) 12... Nc5 13. f3 Bd7 14. Bc2 a5 (14... b5 15. b4 Nh5
16. Be3 a5 17. bxc5 b4 $11 {KomodoDragon3}) 15. Nge2 b5 16. Nd4 b4 17. Ncb5 $2
(17. Nce2 $16 {both Engines}) 17... Re8 $19 (17... Qb8 $19 18. a4 bxa3 19. bxa3
(19. Nxa3 Qxb2) 19... Bxb5 20. Rb1 Nxd5 21. exd5 Qe8+ 22. Kf2 Ba4 $19 {
KomodoDragon3}) 18. O-O Qb8 19. a4 Qb6 (19... bxa3 20. Nxa3 Qxb2 {both Engines,
several Wh pieces are awkwardly placed} 21. Ne2 (21. Nc6 Bxc6 22. dxc6 Qb6 23.
Be3 Qxc6 $19 {KomodoDragon3}) 21... Qb4 22. Qd1 Nfxe4 23. fxe4 Nxe4 24. Bxe4
Rxe4 25. Rf2 Bxa1 26. Qxa1 Rxe2 27. Rxe2 Qxf4 $19 {KomodoDragon3}) 20. Kh1 Re7
(20... Bxb5 21. Nxb5 Nh5 22. Be3 Bxb2 23. Rab1 Bg7 24. Bb3 Nf6 25. Bxc5 dxc5
26. Qa2 Re7 $15 {KomodoDragon3}) 21. Bg5 Ree8 22. Rac1 (22. Be3 $16) 22... Bxb5
{(draw?)} (22... Bxb5 23. Nxb5 b3 24. Bd3 Qb7 (24... Nxa4 25. Nxc7) 25. Be3
Nfd7 26. Be2 $16 {KomodoDragon3}) 1/2-1/2

[Event "S Wales Late Summer Open"]
[Site "?"]
[Date "2022.09.03"]
[Round "3.10"]
[White "Kong, Emma"]
[Black "Menadue, Jeremy"]
[Result "0-1"]
[WhiteElo "1270"]
[BlackElo "1960"]
[Annotator "kemen"]
[PlyCount "82"]
[EventDate "2022.??.??"]
[SourceVersionDate "2022.09.07"]

{[%evp 0,13,24,24,24,-9,30,12,34,-26,-26,-44,4,3,-13,-27]} 1. d4 d5 2. c4 c6 3.
Nc3 Nf6 4. Bg5 (4. Nf3) (4. e3 {main lines}) 4... dxc4 5. a4 Na6 (5... Qa5 {
main}) 6. e4 Be6 (6... Nb4 {3-3-6}) 7. Nge2 (7. Bxf6 exf6 8. d5 cxd5 9. exd5
Bd7 10. Bxc4 Bb4 11. Nge2 O-O 12. O-O Rc8 13. Bb5 $15 {Parker-Sadler, BCF ch
1995,1-0}) (7. Nf3 $14 {Cloud Engines}) 7... Nb4 8. Nf4 Qxd4 (8... Bg4 9. f3
Qa5 10. Bxf6 gxf6 11. Bxc4 O-O-O $17 {KomodoDragon3}) 9. Nxe6 fxe6 10. Bxf6 $2
{straightens out Bl's pawn structure} (10. Be3 Qxd1+ 11. Kxd1 Rd8+ 12. Kc1 b6
13. Bxc4 Ng4 14. Rd1 g6 $15 {KomodoDragon3}) 10... exf6 $19 11. Be2 O-O-O 12.
O-O Kb8 (12... Qe5 13. Qc1 Nd3 14. Bxd3 cxd3 $19 {KomodoDragon3}) 13. Qxd4 (13.
Bxc4 Bc5 14. Qe2 Nd3 15. Bxd3 Qxd3 $19 {but may give Wh better chances than
the text}) 13... Rxd4 14. Rad1 e5 15. f4 Bc5 16. Kh1 exf4 (16... Nd3 $19 {
KomodoDragon3}) 17. Rxd4 Bxd4 18. Bxc4 (18. Rxf4 Nd3) 18... Be5 19. Rd1 Kc7 20.
Na2 Nxa2 21. Bxa2 Bxb2 22. Kg1 Rd8 23. Rxd8 Kxd8 {an opposite colour B endgame
is still lost if one side can obtain 2 (unblockaded) passed pawns ( or has an
extra advanced K in the starting position who can gain pawns or escort one to
Q winning a B)} 24. Kf2 Ke7 25. Kf3 Be5 26. h3 Kd6 27. Ke2 Kc5 28. Bb3 Kd4 29.
Bc2 c5 (29... b5 {creates 2 connected passed pawns}) 30. Kd2 c4 31. Ke2 a6 32.
a5 Kc3 33. Ba4 Kb4 34. Bd7 Kxa5 35. Kd2 b5 36. Kc2 Kb4 37. Bc8 a5 38. Ba6 Kc5
39. h4 b4 40. Kc1 b3 41. Kb1 a4 {and Wh lost on time} 0-1

[Event "S Wales Late Summer Open"]
[Site "?"]
[Date "2022.09.03"]
[Round "3.11"]
[White "Morgans, Justin"]
[Black "Thomas, James"]
[Result "1/2-1/2"]
[WhiteElo "1613"]
[BlackElo "1922"]
[Annotator "kemen"]
[PlyCount "81"]
[EventDate "2022.??.??"]
[SourceVersionDate "2022.09.07"]

{[%evp 0,15,24,24,26,26,73,34,69,52,60,39,62,22,7,7,-7,-17]} 1. d4 Nf6 2. Nf3
c5 3. e3 g6 4. Be2 Bg7 5. O-O O-O 6. c4 cxd4 7. exd4 d5 8. Nc3 {main} Nc6 9.
Be3 (9. h3) 9... e6 (9... dxc4) (9... Bg4 {main lines}) 10. Rc1 Ne4 $146 (10...
dxc4 $11 {Cloud Engines}) 11. a3 Ne7 12. c5 f5 13. Bf4 a6 14. Na4 $16 Nc6 15.
Be5 (15. Nb6 Ra7 16. h4 $18 {KomodoDragon3}) 15... Bh6 16. Nb6 Ra7 17. Rc2 $16
g5 18. Nxc8 (18. Nd2 $18 Nf6 19. Re1 Bg7 20. Bd6 Nxd4 21. Bxf8 Qxf8 22. Rc3 $18
{KomodoDragon3}) 18... Qxc8 19. Nd2 Nxe5 20. dxe5 Nxd2 (20... Qc7 $11 {Deep
Fritz13 & KomodoDragon3}) 21. Qxd2 Qc7 22. h4 {Deep Fritz13} (22. b4 Qxe5 23.
Re1 $16 {KomodoDragon3}) 22... Qxe5 (22... Qg7 23. hxg5 Bxg5 24. f4 Bd8 25. Rf3
$16 {KomodoDragon3}) 23. hxg5 Bg7 24. f4 (24. Re1 $18) (24. Bf3 $18) (24. b4
$18) 24... Qd4+ $14 25. Kh2 Rc8 26. b4 (26. Qe1 $18 Rxc5 27. Bg4 $1 e5 28. Rxc5
Qxc5 29. Bxf5 $18 {KomodoDragon3}) 26... a5 27. Qxd4 Bxd4 28. Bb5 $14 Rc7 29.
Rf3 (29. Rd1 Be3 30. Kg3 axb4 31. axb4 $14 {KomodoDragon3}) 29... axb4 30. axb4
Ra1 $11 31. Rb3 Bg1+ 32. Kh3 h6 33. g6 (33. g4 $5) 33... Kg7 34. Be8 d4 35. c6
(35. b5 $5) 35... b6 36. Bf7 Be3 37. g3 Rh1+ 38. Kg2 Rg1+ 39. Kf3 Rf1+ 40. Kg2
(40. Ke2 Rf2+ 41. Kd3 Rxc2 42. Kxc2 Rxc6+ $19) 40... Rg1+ 41. Kf3 1/2-1/2

[Event "S Wales Late Summer Open"]
[Site "?"]
[Date "2022.09.03"]
[Round "3.13"]
[White "Jones, Mark A"]
[Black "Wu, Yuxuan"]
[Result "1/2-1/2"]
[WhiteElo "1926"]
[BlackElo "1458"]
[Annotator "kemen"]
[PlyCount "143"]
[EventDate "2022.??.??"]
[SourceVersionDate "2022.09.07"]

1. e4 c5 2. Nf3 d6 3. d4 cxd4 4. Nxd4 Nf6 5. Nc3 a6 6. Be3 e5 7. Nb3 Be6 8. f3
h5 9. Nd5 Bxd5 10. exd5 Nbd7 11. c4 (11. Qd2 g6 {main}) 11... Rc8 (11... g6)
12. Be2 g6 13. Qd2 Bg7 14. O-O O-O 15. Na5 (15. Rac1 {2-1-6}) 15... Qc7 16.
Rfc1 (16. Rac1 {8-2-2}) (16. b4 $16 {Cloud Engines ; 1 Wh win, 2 draws}) 16...
b6 (16... e4 17. f4 Ng4 $11 {KomodoDragon3}) 17. Nc6 Nb8 18. Nb4 a5 19. Nc2
Nfd7 20. Na3 $16 Na6 21. Nb5 Qb8 22. Rab1 Rfe8 23. a3 (23. b3 $18 {
KomodoDragon3}) 23... Bf8 (23... a4 24. Rf1 Nac5 25. Bd1 $14 {KomodoDragon3})
24. b4 $18 axb4 25. axb4 Nc7 26. Nc3 b5 27. c5 $18 (27. cxb5 $18) 27... Nf6 (
27... dxc5 28. d6 Ne6 29. bxc5 Ndxc5 30. Nxb5 Red8 31. Bc4 $18 {KomodoDragon3})
28. c6 e4 29. Ra1 (29. f4 $5) 29... exf3 30. Bxf3 (30. Ba7 $1) 30... Ng4 (30...
Rxe3 31. Qxe3 Re8 32. Qf4 Qd8 33. Rf1 Bg7 34. Ra5 $18 {KomodoDragon3}) 31. Bxg4
hxg4 32. Ba7 Qa8 33. Qg5 (33. Bd4 Qb8 34. Ra7 Bg7 35. Rb7 Qa8 36. Bxg7 Kxg7 37.
Rf1 Qa6 38. Qd4+ $18 {KomodoDragon3}) 33... Bg7 34. Bf2 Qb8 35. Qxg4 Na8 36.
Ra5 (36. Ba7 Qc7 37. Nxb5 Qd8 38. Qd7 $18 {KomodoDragon3}) 36... Bxc3 37. Rxc3
Re5 38. Bd4 (38. Rxb5 Qc7 39. Rb7 Qd8 40. Bd4 $18 Rxd5 41. Rh3) 38... Re1+ 39.
Kf2 Rce8 40. Rh3 R1e2+ 41. Kf3 (41. Qxe2 Rxe2+ 42. Kxe2 f6 43. Bxf6 Qe8+ 44.
Kf2 $18 {KomodoDragon3}) 41... R2e5 42. Bxe5 (42. Qh4 Rh5 43. Qf6 Ree5 44. Rxh5
gxh5 45. Bxe5 dxe5 46. d6 $4 {KomodoDragon3}) 42... Rxe5 43. Qd4 (43. Rxb5 Qe8
44. Kf2 Nc7 45. Rb7 Nxd5 46. c7 $18 {KomodoDragon3}) 43... Qd8 44. Rh4 (44. Qh4
$18) 44... Nc7 45. g3 (45. Kf2 Nxd5 46. Re4 $18 {KomodoDragon3}) 45... Nxd5 46.
Rxb5 Qf6+ 47. Rf4 Nxf4 48. gxf4 Qh4 49. Rxe5 dxe5 50. Qxe5 $18 Qh3+ 51. Ke2 (
51. Kf2 Qxh2+ 52. Ke3 Qg1+ 53. Kd3 Qd1+ 54. Kc4 Qf1+ 55. Kc5 Qf2+ 56. Qd4 Qc2+
57. Kb6 $18 {KomodoDragon3}) 51... Qg2+ 52. Ke3 (52. Kd3 Qxc6 53. b5 $18) 52...
Qxc6 53. b5 Qb6+ 54. Kf3 (54. Kd3 $18) 54... Qb7+ 55. Kg3 (55. Ke3 {the Engine
indicates that the K needs to come to the Q side to support the advanced pawn})
55... Qb6 (55... Qd7 56. b6 Qd3+ 57. Kf2 Qd2+ 58. Kf3 Qd1+ 59. Qe2 Qh1+ 60. Ke3
Qc1+ 61. Qd2 Qg1+ 62. Qf2 Qb1 63. Kf3 Qd1+ $16 {but Wh is truggling to avoid
the Q checks}) 56. Qe8+ (56. Kf3) 56... Kg7 57. Kg2 (57. Kf3 $18) 57... Qb7+ (
57... f6 $16) 58. Qc6 Qe7 59. Qc3+ (59. Kf2 Qh4+ 60. Ke3 Qxh2 61. b6 $18 {
KomodoDragon3} Qg3+ 62. Ke2 Qxf4 63. b7 Qg3 64. Kd2 Qf4+ 65. Kc2 Qf5+ 66. Kb2
Qf2+ 67. Kb3 Qf4 68. Qc8 $18 {Bl has no sensible checks left}) 59... Kg8 (59...
f6 60. Kf3 Qd6 61. Ke4 $18 {KomodoDRagon3}) 60. Qe5 (60. Kf3 $18) 60... Qb4 $11
(60... Qd7 $11) 61. Kh3 Qb3+ 62. Kg4 Qd1+ 63. Kg5 Qg1+ (63... Qd8+ 64. Qf6 Qd5+
65. Qe5 Qd8+ $11 {KomodoDragon3}) 64. Kf6 $18 Qb6+ 65. Ke7 Qb7+ {(draw?)} 66.
Kd8 $18 (66. Kd6 $18) 66... Qa8+ 67. Kc7 Qa7+ 68. Kc6 (68. Kc8 Qa8+ 69. Qb8 Qd5
70. b6 $18 {KomodoDragon3}) 68... Qa8+ 69. Kb6 (69. Kc7 Qa7+ 70. Kc8 Qa8+ 71.
Qb8) 69... Qd8+ 70. Kb7 Qd7+ 71. Qc7 $2 (71. Ka8 Qd3 72. h4 Kh7 73. h5 gxh5 74.
Qxh5+ Kg7 75. Qg5+ Kh7 76. Kb8 Qd6+ 77. Kc8 Qb4 78. Kc7 Qc4+ 79. Kd8 Qb3 80.
Qc5 f6 81. Qc6 Kg6 82. b6 Qd3+ 83. Qd7 Qb1 84. b7 {KomodoDragon3- the Wh K has
reached a safe perch} Qb3 85. f5+ Kg5 86. Ke7 Qb6 87. Qd2+ Kxf5 88. Qd7+ Kg5
89. Qd5+ Kh4 90. Qc4+ Kg5 91. Qg8+ Kh4 92. b8=Q $18) 71... Qxb5+ 72. Kc8
1/2-1/2

[Event "S Wales Late Summer Open"]
[Site "?"]
[Date "2022.09.03"]
[Round "3.14"]
[White "Smith, Ellison"]
[Black "Wang, Andy"]
[Result "1-0"]
[WhiteElo "1365"]
[BlackElo "1424"]
[Annotator "kemen"]
[PlyCount "107"]
[EventDate "2022.??.??"]
[SourceVersionDate "2022.09.07"]

1. e4 e5 2. Nf3 Nc6 3. Bc4 Bc5 4. c3 d6 (4... Nf6) (4... Qe7) 5. d4 Bb6 {
second most frequent move, but just drops a pawn} (5... exd4 6. cxd4 Bb4+ 7.
Nc3 Nf6 {main}) 6. Ng5 (6. dxe5 dxe5 7. Qxd8+ Nxd8 (7... Kxd8 8. Bxf7 $18) 8.
Nxe5 $18) 6... Nh6 7. Nf3 Qe7 $146 (7... Bg4 {4-3} 8. h3 {2-1}) (7... Ng8 {
repeats- 646 games, when Wh can again win the pawn with}) (7... Qf6 $11 {2-1})
8. d5 Nd8 9. Bg5 f6 10. Bxh6 gxh6 11. Nh4 $16 Qg7 (11... O-O) 12. Qh5+ Nf7 13.
h3 Ke7 14. Nd2 Qg5 15. Qxg5 hxg5 16. Nhf3 (16. Nf5+ Bxf5 17. exf5 h5 18. Bd3
$14 {KomodoDragon2}) 16... Bd7 17. a4 a6 18. b4 h5 $15 19. h4 g4 20. Nh2 a5 21.
b5 Rag8 (21... g3 22. fxg3 Rhg8 23. Nhf1 Nh6 24. Be2 Ng4 $19 {KomodoDragon3}
25. Bxg4 Rxg4 26. Ra3 f5 27. c4 Bc5 28. Rb3 Rag8 29. exf5 Bxf5 30. Ke2 Bc2 31.
Rc3 Bxa4 $19) 22. Nhf1 (22. g3) 22... Rc8 (22... f5 $15) 23. Bd3 c6 24. Nc4 Bd8
(24... Bc5) 25. bxc6 bxc6 26. Nfe3 $16 c5 27. O-O $18 {the Bl pieces are in
each others way and Wh can use the b file} (27. Rb1 $18 Bxa4 28. Nf5+ Kf8 29.
Rb7 $18 {KomodoDragon3}) 27... Rg8 28. g3 Rb8 29. Bc2 Bc7 {this B is just a
big pawn} 30. Rab1 Rgc8 31. Na3 Nd8 32. Kg2 Nb7 33. Nb5 Kf7 34. Rb2 (34. Na7
Rh8 35. Nc6 $18 {KomodoDragon3}) 34... Bxb5 35. Rxb5 Nd8 36. Rfb1 Rxb5 37. Rxb5
Rb8 38. Nc4 Nb7 39. Bd1 (39. f3 $18 {KomodoDragon3}) 39... Ke7 40. f3 Kf7 41.
fxg4 hxg4 42. Bxg4 Nd8 43. Rxb8 Bxb8 44. Nxa5 (44. Bh5+ Ke7 45. Kf3 {the Bl
pieces are helpless}) 44... Bc7 45. Nc4 Nb7 46. Bd7 Na5 47. Nxa5 Bxa5 48. c4 {
the opposite clour B ending is still llost as Wh has two passed pawns & a more
active K as well} Kg6 49. Kf3 Kh5 50. Be8+ Kh6 51. Kg4 Be1 52. h5 Kg7 53. Kf5
Kf8 (53... Bxg3 54. a5 {and the Bl B is unable to return in time}) 54. Bg6 {
the Wh K threatens to invade as well} 1-0

[Event "S Wales Late Summer Open"]
[Site "?"]
[Date "2022.09.03"]
[Round "3.16"]
[White "Thomas, Mark"]
[Black "Browse, Joseph"]
[Result "1-0"]
[WhiteElo "1842"]
[BlackElo "1629"]
[Annotator "kemen"]
[PlyCount "67"]
[EventDate "2022.??.??"]
[SourceVersionDate "2022.09.07"]

1. e4 c6 2. d3 d5 3. Nd2 dxe4 (3... e5) 4. dxe4 Nd7 5. Ngf3 Qc7 6. b3 $146 (6.
g3) 6... e5 7. Bb2 Ngf6 (7... f6 8. a4 Nh6 9. Bc4 Be7 10. O-O Nf7 11. Ne1 O-O {
Bittner-Morley, W Cup ICCF,2013 1/2-1/2}) 8. a3 {Stockfish14} (8. Bd3 {
Stockfish14 & KomodoDragon3} Bc5 9. O-O O-O 10. Nc4 Re8 {3-2-3}) 8... Bc5 9. h3
O-O (9... a5) 10. Bd3 (10. b4) 10... Re8 11. Qe2 Nf8 (11... a5 $15 {
KomodoDragon3}) 12. b4 Bd6 13. Nc4 Ng6 14. g3 Be6 (14... Bf8 $11) 15. Ng5 Bxc4
16. Bxc4 Re7 17. O-O $14 h6 18. Nf3 a5 19. bxa5 (19. c3 $16) 19... Rxa5 20.
Rfd1 (20. a4 b5 21. Bb3 Bc5 22. Kg2 $14 {KomodoDragon3}) 20... Ra4 (20... b5
21. Bb3 c5 $11 {KomodoDragon3}) 21. Nd2 Re8 22. Bb3 Ra7 23. Nc4 Bc5 24. Qf3 (
24. a4) 24... b5 25. Ne3 Rea8 (25... Bxe3 26. Qxe3 Rb8 27. Qe2 Nf8 28. Kg2 N8d7
$11 {KomodoDragon3}) 26. Nf5 $16 {Bl must now be extra alert on the K side}
Bxa3 $2 {gets a pawn majority on the Q side for an endgame advantage, but one
needs to look at both sides of the board} (26... Kh7 27. Kg2 Bxa3 28. Rxa3 Rxa3
29. Bxa3 Rxa3 30. Nd6 Ra8 31. Qf5 Qd7 32. Qxd7 Nxd7 33. Nxf7 Nc5 34. h4 $16 {
KomodoDragon3}) 27. Bxa3 Rxa3 28. Rxa3 Rxa3 29. Bxf7+ Kxf7 (29... Qxf7) 30.
Qxa3 $18 Nxe4 (30... Kg8 31. Qa8+ Nf8 32. Ra1 $18 {KomodoDragon3}) 31. Qb3+ (
31. Qd3 Nf6 32. Nd6+ $18 Kf8 33. Qxg6 $18 {KomodoDragon3}) 31... Kf6 32. Ne3 (
32. Nxh6 gxh6 33. Qf3+ {KomodoDragon3}) 32... h5 33. Qd3 Ng5 34. Qf5+ 1-0